000 01159nam a22002777i 4500
999 _c23610
_d23610
003 AR-CdUCM
008 260420b sp ado|| |||| 00| 0 spa d
020 _a978-84-9022-875-3
040 _aMUNICIPALIDAD PROVINCIAL DEL CUSCO
_cBIBLIOTECA MUNICIPAL DEL CUSCO
041 _hspa
082 _a574
_bG14
100 _aGalán Romero, Rafael - Torronteras Santiago, Rafael
_952601
245 _aBiología fundamental y de la salud /
260 _aBarcelona, España :
_bElsevier España
_c2015
300 _a336 páginas. :
_c17x24 cm.
500 _zBibliografía : páginas del 323- 326
505 _aBioquímica -- Bioelementos, Biomoléculas inorgánicas -- Glúcidos, hidratos de carbono o azúcares -- Monosacáridos -- Oligosacáridos -- Polisacáridos -- Lípidos -- Ácidos grasos -- Proteínas, enzimas y hormonas -- Citología eucariótica -- Microbiología, inmunología y genética
650 _aBiología
_9881
650 _aSalud
_98684
650 _aBioquímica
_952602
650 _aMicrobiología
_952603
650 _aInmunología
_921086
650 _aGenética
_95063
942 _2ddc
_cLIBROS
945 _aesh
_d20-04-2026